[Event "Hastings Masters 2016/17"]
[Site "Hastings, England"]
[Date "2017.01.03"]
[Round "7.10"]
[White "Lalic, Bogdan"]
[Black "Teh, Eu Wen Aron"]
[Result "1-0"]
[WhiteElo "2443"]
[BlackElo "2279"]
[PlyCount "0"]
[EventDate "2016.12.28"]

1. c4 {[%clk 1:35:52]} Nf6 {[%clk 1:40:45]} 2. Nc3 {[%clk 1:36:11]} e6
{[%clk 1:40:57]} 3. e4 {[%clk 1:36:29]} d5 {[%clk 1:41:17]} 4. e5
{[%clk 1:36:45]} d4 {[%clk 1:41:30]} 5. exf6 {[%clk 1:36:58]} dxc3
{[%clk 1:41:51]} 6. bxc3 {[%clk 1:37:14]} Qxf6 {[%clk 1:42:05]} 7. Nf3
{[%clk 1:37:30]} e5 {[%clk 1:35:17]} 8. d4 {[%clk 1:37:44]} exd4 {[%clk 1:35:01]}
9. Bg5 {[%clk 1:38:00]} Qe6+ {[%clk 1:34:23]} 10. Be2 {[%clk 1:38:20]} Be7
{[%clk 1:33:59]} 11. cxd4 {[%clk 1:38:29]} Bxg5 {[%clk 1:34:01]} 12. Nxg5
{[%clk 1:38:47]} Qe7 {[%clk 1:33:44]} 13. Qd2 {[%clk 1:38:46]} h6
{[%clk 1:32:52]} 14. Nf3 {[%clk 1:39:07]} O-O {[%clk 1:33:07]} 15. O-O
{[%clk 1:39:27]} c5 {[%clk 1:25:10]} 16. d5 {[%clk 1:39:10]} Qd6 {[%clk 1:24:07]}
17. h3 {[%clk 1:32:08]} Bf5 {[%clk 1:14:59]} 18. Nh4 {[%clk 1:28:58]} Bh7
{[%clk 1:13:47]} 19. Bd3 {[%clk 1:28:04]} Bxd3 {[%clk 1:13:59]} 20. Qxd3
{[%clk 1:28:27]} Re8 {[%clk 1:05:17]} 21. Nf5 {[%clk 1:25:10]} Qf6
{[%clk 1:03:17]} 22. Rab1 {[%clk 1:21:55]} b6 {[%clk 1:02:20]} 23. d6
{[%clk 1:09:10]} Nc6 {[%clk 0:40:22]} 24. Rfe1 {[%clk 0:56:42]} Nd4
{[%clk 0:29:34]} 25. d7 {[%clk 0:30:07]} Red8 {[%clk 0:29:17]} 26. Ne7+
{[%clk 0:28:57]} Kh8 {[%clk 0:29:39]} 27. Nc8 {[%clk 0:28:00]} Qc6
{[%clk 0:17:26]} 28. Re7 {[%clk 0:26:52]} f5 {[%clk 0:17:12]} 29. Qg3
{[%clk 0:24:53]} Qf6 {[%clk 0:10:34]} 30. Qc7 {[%clk 0:24:56]} Qf8
{[%clk 0:10:00]} 31. Qxd8 {[%clk 0:25:00]} 1-0

[Event "Hastings Masters 2016/17"]
[Site "Hastings, England"]
[Date "2017.01.03"]
[Round "7.11"]
[White "Flear, Glenn C"]
[Black "Bates, Richard A"]
[Result "1-0"]
[WhiteElo "2428"]
[BlackElo "2347"]
[PlyCount "0"]
[EventDate "2016.12.28"]

1. d4 {[%clk 1:39:57]} Nf6 {[%clk 1:39:55]} 2. c4 {[%clk 1:40:20]} e6
{[%clk 1:39:24]} 3. Nf3 {[%clk 1:40:34]} Bb4+ {[%clk 1:38:53]} 4. Bd2
{[%clk 1:40:50]} a5 {[%clk 1:38:42]} 5. g3 {[%clk 1:41:01]} d6 {[%clk 1:38:11]}
6. Bg2 {[%clk 1:41:00]} Nbd7 {[%clk 1:37:21]} 7. O-O {[%clk 1:40:05]} e5
{[%clk 1:34:40]} 8. dxe5 {[%clk 1:39:31]} Nxe5 {[%clk 1:26:44]} 9. Nxe5
{[%clk 1:39:29]} dxe5 {[%clk 1:27:05]} 10. Qa4+ {[%clk 1:39:05]} Qd7
{[%clk 1:13:56]} 11. Qxd7+ {[%clk 1:38:50]} Nxd7 {[%clk 0:56:01]} 12. Nc3
{[%clk 1:38:19]} c6 {[%clk 0:53:31]} 13. a3 {[%clk 1:37:59]} Bxc3
{[%clk 0:47:37]} 14. Bxc3 {[%clk 1:38:20]} a4 {[%clk 0:41:11]} 15. Rad1
{[%clk 1:14:57]} O-O {[%clk 0:33:55]} 16. f4 {[%clk 0:59:57]} Re8
{[%clk 0:30:46]} 17. fxe5 {[%clk 0:54:43]} Nb6 {[%clk 0:22:29]} 18. Rf4
{[%clk 0:52:55]} Be6 {[%clk 0:22:39]} 19. Rdd4 {[%clk 0:52:49]} Red8
{[%clk 0:13:59]} 20. c5 {[%clk 0:45:48]} Rxd4 {[%clk 0:13:05]} 21. Bxd4
{[%clk 0:41:06]} Nd7 {[%clk 0:12:47]} 22. e3 {[%clk 0:36:44]} h6 {[%clk 0:09:27]}
23. Bf1 {[%clk 0:21:04]} Ra5 {[%clk 0:07:47]} 24. Bc3 {[%clk 0:19:19]} Rxc5
{[%clk 0:07:28]} 25. Rxa4 {[%clk 0:19:33]} Nxe5 {[%clk 0:07:41]} 26. Be2
{[%clk 0:13:25]} b5 {[%clk 0:07:31]} 27. Ra8+ {[%clk 0:10:27]} Kh7
{[%clk 0:07:56]} 28. Rd8 {[%clk 0:09:52]} Bg4 {[%clk 0:06:39]} 29. Bf1
{[%clk 0:09:15]} f6 {[%clk 0:03:28]} 30. h3 {[%clk 0:08:29]} Bf3 {[%clk 0:03:11]}
31. Kf2 {[%clk 0:07:19]} Rd5 {[%clk 0:02:48]} 32. Rxd5 {[%clk 0:03:31]} Bxd5
{[%clk 0:03:14]} 33. Bxe5 {[%clk 0:03:00]} fxe5 {[%clk 0:03:39]} 34. Bg2
{[%clk 0:03:11]} Kg8 {[%clk 0:01:35]} 35. Bxd5+ {[%clk 0:02:52]} cxd5
{[%clk 0:02:00]} 36. Ke2 {[%clk 0:02:57]} Kf7 {[%clk 0:02:17]} 37. Kd3
{[%clk 0:03:10]} Ke6 {[%clk 0:02:37]} 38. Kc3 {[%clk 0:03:04]} Kf5
{[%clk 0:01:17]} 39. Kd3 {[%clk 0:02:39]} Ke6 {[%clk 0:01:37]} 40. Kc3
{[%clk 0:02:10]} Kd6 {[%clk 0:00:47]} 41. Kb4 {[%clk 0:46:37]} e4
{[%clk 0:28:05]} 42. b3 {[%clk 0:42:38]} Ke5 {[%clk 0:28:05]} 43. Kc3
{[%clk 0:42:05]} g6 {[%clk 0:23:40]} 44. h4 {[%clk 0:39:45]} g5 {[%clk 0:22:43]}
45. hxg5 {[%clk 0:24:38]} hxg5 {[%clk 0:23:03]} 46. g4 {[%clk 0:10:11]} d4+
{[%clk 0:23:11]} 47. exd4+ {[%clk 0:10:35]} Kf4 {[%clk 0:23:38]} 48. Kd2
{[%clk 0:10:51]} Kf3 {[%clk 0:14:52]} 49. Ke1 {[%clk 0:11:06]} Kxg4
{[%clk 0:15:16]} 50. Ke2 {[%clk 0:10:46]} Kf4 {[%clk 0:11:05]} 51. a4
{[%clk 0:10:48]} bxa4 {[%clk 0:11:22]} 52. bxa4 {[%clk 0:11:10]} g4
{[%clk 0:11:47]} 53. a5 {[%clk 0:11:33]} g3 {[%clk 0:11:14]} 54. a6
{[%clk 0:11:27]} e3 {[%clk 0:11:10]} 55. Kf1 {[%clk 0:11:42]} Kf3
{[%clk 0:10:49]} 56. a7 {[%clk 0:12:04]} g2+ {[%clk 0:10:51]} 57. Kg1
{[%clk 0:12:28]} 1-0

[Event "Hastings Masters 2016/17"]
[Site "Hastings, England"]
[Date "2017.01.03"]
[Round "7.12"]
[White "Lyell, Mark"]
[Black "Hansen, Mads"]
[Result "0-1"]
[WhiteElo "2203"]
[BlackElo "2452"]
[PlyCount "0"]
[EventDate "2016.12.28"]

1. e4 {[%clk 1:40:57]} c5 {[%clk 1:40:54]} 2. Nf3 {[%clk 1:41:15]} Nc6
{[%clk 1:41:19]} 3. Bb5 {[%clk 1:41:31]} e6 {[%clk 1:41:42]} 4. Bxc6
{[%clk 1:41:37]} bxc6 {[%clk 1:42:08]} 5. b3 {[%clk 1:41:31]} Ne7
{[%clk 1:25:51]} 6. Bb2 {[%clk 1:40:16]} Ng6 {[%clk 1:23:55]} 7. h4
{[%clk 1:40:30]} h5 {[%clk 1:21:29]} 8. e5 {[%clk 1:40:51]} Be7 {[%clk 1:18:57]}
9. Nc3 {[%clk 1:40:39]} f6 {[%clk 1:11:12]} 10. Qe2 {[%clk 1:36:15]} Qc7
{[%clk 1:11:00]} 11. exf6 {[%clk 1:30:39]} Bxf6 {[%clk 1:10:50]} 12. Qe4
{[%clk 1:29:19]} Rh6 {[%clk 1:06:12]} 13. O-O-O {[%clk 1:23:06]} d5
{[%clk 1:00:36]} 14. Qa4 {[%clk 1:22:48]} Bd7 {[%clk 0:59:15]} 15. Rhe1
{[%clk 1:17:43]} O-O-O 16. Qa6+ {[%clk 1:11:34]} Kb8 {[%clk 0:54:12]} 17. Na4
{[%clk 1:11:40]} Bc8 {[%clk 0:33:10]} 18. Nxc5 {[%clk 1:11:32]} e5
{[%clk 0:33:37]} 19. Qa4 {[%clk 1:02:00]} Ka8 {[%clk 0:33:51]} 20. Ng5
{[%clk 0:52:25]} Re8 {[%clk 0:31:53]} 21. f3 {[%clk 0:40:13]} Rhh8
{[%clk 0:28:27]} 22. g3 {[%clk 0:35:58]} Be7 {[%clk 0:22:21]} 23. Nce6
{[%clk 0:30:16]} Bxe6 {[%clk 0:16:28]} 24. Nxe6 {[%clk 0:30:42]} Qd7
{[%clk 0:15:27]} 25. Nxg7 {[%clk 0:24:31]} Ref8 {[%clk 0:13:18]} 26. g4
{[%clk 0:20:24]} Rf4 {[%clk 0:12:44]} 27. Qa6 {[%clk 0:19:33]} Bxh4
{[%clk 0:11:21]} 28. Nxh5 {[%clk 0:18:11]} Rxf3 {[%clk 0:11:27]} 29. Rf1
{[%clk 0:13:33]} Rhf8 {[%clk 0:11:20]} 30. Rxf3 {[%clk 0:11:58]} Rxf3
{[%clk 0:11:49]} 31. Ng7 {[%clk 0:10:34]} Rf4 {[%clk 0:10:44]} 32. Nf5
{[%clk 0:10:21]} Bg5 {[%clk 0:06:08]} 33. Ne3 {[%clk 0:08:05]} Rf2
{[%clk 0:05:55]} 34. Nxd5 {[%clk 0:07:46]} Kb8 {[%clk 0:04:58]} 35. Nb4
{[%clk 0:04:41]} Rxd2 {[%clk 0:05:15]} 36. Nxc6+ {[%clk 0:00:55]} Ka8
{[%clk 0:05:34]} 0-1

[Event "Hastings Masters 2016/17"]
[Site "Hastings, England"]
[Date "2017.01.03"]
[Round "7.13"]
[White "Tan, Justin"]
[Black "Prosviriakov, Vladimir"]
[Result "1/2-1/2"]
[WhiteElo "2451"]
[BlackElo "2236"]
[PlyCount "0"]
[EventDate "2016.12.28"]

1. e4 {[%clk 1:40:34]} e5 {[%clk 1:40:58]} 2. Nf3 {[%clk 1:40:59]} Nc6
{[%clk 1:41:11]} 3. Bc4 {[%clk 1:40:55]} d6 {[%clk 1:41:14]} 4. c3
{[%clk 1:41:20]} g6 {[%clk 1:40:41]} 5. d4 {[%clk 1:41:41]} Bg7 {[%clk 1:40:44]}
6. O-O {[%clk 1:42:03]} h6 {[%clk 1:37:02]} 7. Re1 {[%clk 1:41:27]} Nge7
{[%clk 1:35:42]} 8. h3 {[%clk 1:36:38]} O-O {[%clk 1:35:47]} 9. Be3
{[%clk 1:35:17]} Kh7 {[%clk 1:35:03]} 10. dxe5 {[%clk 1:35:05]} dxe5
{[%clk 1:31:17]} 11. Qxd8 {[%clk 1:32:19]} Nxd8 {[%clk 1:30:32]} 12. Bc5
{[%clk 1:30:50]} Re8 {[%clk 1:30:40]} 13. a4 {[%clk 1:31:03]} Be6
{[%clk 1:30:34]} 14. Nbd2 {[%clk 1:29:54]} Nec6 {[%clk 1:23:56]} 15. Bf1
{[%clk 1:21:00]} Bf8 {[%clk 1:19:33]} 16. Be3 {[%clk 1:21:25]} f6
{[%clk 1:18:23]} 17. b4 {[%clk 1:19:37]} Nf7 {[%clk 1:17:48]} 18. Nc4
{[%clk 1:15:25]} Nd6 {[%clk 1:16:42]} 19. Nfd2 {[%clk 1:15:39]} Bxc4
{[%clk 0:58:06]} 20. Bxc4 {[%clk 1:15:34]} Nxc4 {[%clk 0:58:16]} 21. Nxc4
{[%clk 1:15:59]} b6 {[%clk 0:58:17]} 22. Kf1 {[%clk 1:10:09]} a5 {[%clk 0:51:20]}
23. b5 {[%clk 1:10:32]} Nd8 {[%clk 0:51:30]} 24. Red1 {[%clk 1:07:32]} Nb7
{[%clk 0:44:00]} 25. Rd7+ {[%clk 1:06:54]} Re7 {[%clk 0:44:21]} 26. Rad1
{[%clk 1:07:02]} Rae8 {[%clk 0:44:39]} 27. Ke2 {[%clk 0:48:52]} Kg7
{[%clk 0:40:48]} 28. R7d5 {[%clk 0:46:34]} Re6 {[%clk 0:37:26]} 29. Nd2
{[%clk 0:43:51]} Bc5 {[%clk 0:32:53]} 30. Nb3 {[%clk 0:37:46]} Bxe3
{[%clk 0:32:45]} 31. Rd7+ {[%clk 0:36:23]} R8e7 {[%clk 0:32:50]} 32. Rxe7+
{[%clk 0:36:33]} Rxe7 {[%clk 0:33:11]} 33. Kxe3 {[%clk 0:36:57]} Kf7
{[%clk 0:32:14]} 34. c4 {[%clk 0:36:52]} Ke6 {[%clk 0:31:40]} 35. c5
{[%clk 0:36:12]} f5 {[%clk 0:27:26]} 36. g3 {[%clk 0:29:00]} fxe4
{[%clk 0:26:43]} 37. c6 {[%clk 0:21:39]} Nd6 {[%clk 0:26:41]} 38. Nd2
{[%clk 0:19:52]} Rf7 {[%clk 0:22:25]} 39. Ke2 1/2-1/2

[Event "Hastings Masters 2016/17"]
[Site "Hastings, England"]
[Date "2017.01.03"]
[Round "7.14"]
[White "Arkell, Keith C"]
[Black "Maisuradze, Nino"]
[Result "0-1"]
[WhiteElo "2447"]
[BlackElo "2231"]
[PlyCount "0"]
[EventDate "2016.12.28"]

1. d4 {[%clk 1:40:48]} Nf6 2. Nf3 e6 {[%clk 1:38:33]} 3. c3 {[%clk 1:41:25]} b6
{[%clk 1:38:27]} 4. Bg5 {[%clk 1:41:46]} Bb7 {[%clk 1:38:54]} 5. e3
{[%clk 1:42:05]} Be7 {[%clk 1:38:20]} 6. Nbd2 {[%clk 1:42:29]} O-O
{[%clk 1:31:37]} 7. Bd3 {[%clk 1:42:54]} c5 {[%clk 1:30:10]} 8. O-O
{[%clk 1:41:08]} d5 {[%clk 1:19:15]} 9. Ne5 {[%clk 1:41:21]} Ne4 {[%clk 1:18:40]}
10. Bxe7 {[%clk 1:41:22]} Qxe7 {[%clk 1:19:07]} 11. Nxe4 {[%clk 1:36:24]} dxe4
{[%clk 1:19:33]} 12. Be2 {[%clk 1:36:44]} Nc6 {[%clk 1:10:55]} 13. Nxc6
{[%clk 1:35:55]} Bxc6 {[%clk 1:11:23]} 14. a4 {[%clk 1:36:17]} Rad8
{[%clk 1:09:29]} 15. Qb3 {[%clk 1:36:34]} cxd4 {[%clk 0:58:00]} 16. cxd4
{[%clk 1:36:59]} e5 {[%clk 0:58:16]} 17. dxe5 {[%clk 1:36:53]} Qxe5
{[%clk 0:58:35]} 18. Rfd1 {[%clk 1:37:10]} h6 {[%clk 0:24:40]} 19. g3
{[%clk 1:35:15]} Kh8 {[%clk 0:21:56]} 20. Rac1 {[%clk 1:33:35]} Bd7
{[%clk 0:19:15]} 21. Bc4 {[%clk 1:22:06]} Bg4 {[%clk 0:17:20]} 22. Rxd8
{[%clk 1:17:36]} Rxd8 {[%clk 0:17:50]} 23. Bxf7 {[%clk 1:14:10]} Qf5
{[%clk 0:17:37]} 24. h4 {[%clk 0:47:31]} Rf8 {[%clk 0:12:53]} 25. Rc7
{[%clk 0:42:15]} Bh5 {[%clk 0:08:33]} 26. Rxa7 {[%clk 0:36:41]} Bxf7
{[%clk 0:08:16]} 27. Qb5 {[%clk 0:33:57]} Qf3 {[%clk 0:07:40]} 28. Qd7
{[%clk 0:33:57]} Qf6 {[%clk 0:02:57]} 29. Qe7 {[%clk 0:32:28]} Bh5
{[%clk 0:02:17]} 30. Qxf6 {[%clk 0:32:36]} Rxf6 {[%clk 0:02:24]} 31. a5
{[%clk 0:29:52]} bxa5 {[%clk 0:02:32]} 32. Rxa5 {[%clk 0:30:17]} Bf3
{[%clk 0:02:45]} 33. Kf1 {[%clk 0:25:14]} Rd6 {[%clk 0:02:25]} 34. Ra1
{[%clk 0:25:38]} Rd1+ {[%clk 0:01:57]} 35. Rxd1 {[%clk 0:26:03]} Bxd1
{[%clk 0:02:26]} 36. Ke1 {[%clk 0:26:28]} Bg4 {[%clk 0:02:09]} 37. b4
{[%clk 0:26:23]} Kh7 {[%clk 0:02:13]} 38. Kd2 {[%clk 0:26:41]} Kg6
{[%clk 0:02:40]} 39. Kc3 {[%clk 0:27:07]} Bc8 {[%clk 0:02:29]} 40. Kd4
{[%clk 0:27:29]} Kf5 {[%clk 0:02:36]} 41. Kd5 {[%clk 0:14:53]} Bb7+
{[%clk 0:02:48]} 42. Kd6 {[%clk 0:15:17]} Kg4 {[%clk 0:01:58]} 43. Ke5
{[%clk 0:15:09]} Kf3 {[%clk 0:00:52]} 44. h5 {[%clk 0:10:45]} Kxf2
{[%clk 0:01:01]} 45. Kf4 {[%clk 0:11:10]} Ke2 {[%clk 0:50:20]} 46. g4
{[%clk 1:01:19]} Kd3 {[%clk 0:50:47]} 47. g5 {[%clk 1:01:40]} hxg5+
{[%clk 0:50:45]} 48. Kxg5 {[%clk 1:02:05]} Kxe3 {[%clk 0:51:09]} 49. Kg6
{[%clk 1:02:28]} Kd4 {[%clk 0:51:26]} 0-1

[Event "Hastings Masters 2016/17"]
[Site "Hastings, England"]
[Date "2017.01.03"]
[Round "7.15"]
[White "Britton, Richard L"]
[Black "Batchelor, Peter J"]
[Result "1/2-1/2"]
[WhiteElo "2139"]
[BlackElo "2365"]
[PlyCount "0"]
[EventDate "2016.12.28"]

1. e4 {[%clk 1:31:53]} c6 {[%clk 1:40:54]} 2. d4 {[%clk 1:31:49]} d5
{[%clk 1:41:19]} 3. Nc3 {[%clk 1:32:10]} dxe4 {[%clk 1:41:44]} 4. Nxe4
{[%clk 1:32:35]} Nf6 {[%clk 1:42:09]} 5. Nxf6+ {[%clk 1:30:12]} gxf6
{[%clk 1:42:33]} 6. Be3 {[%clk 1:24:43]} Na6 {[%clk 1:37:37]} 7. Qd2
{[%clk 1:18:44]} Bf5 {[%clk 1:34:50]} 8. Bxa6 {[%clk 1:14:45]} bxa6
{[%clk 1:35:14]} 9. Ne2 {[%clk 1:15:10]} Qd5 {[%clk 1:29:59]} 10. O-O
{[%clk 1:03:19]} e5 {[%clk 1:12:06]} 11. Ng3 {[%clk 0:49:28]} Be6
{[%clk 1:08:34]} 12. c4 {[%clk 0:36:17]} Qxc4 {[%clk 0:58:56]} 13. dxe5
{[%clk 0:30:12]} fxe5 {[%clk 0:54:52]} 14. Rac1 {[%clk 0:20:13]} Rd8
{[%clk 0:43:36]} 15. Qa5 {[%clk 0:16:35]} Qb5 {[%clk 0:41:43]} 16. Qc7
{[%clk 0:17:00]} Bd6 {[%clk 0:29:07]} 17. Qxa7 {[%clk 0:13:46]} Bb8
{[%clk 0:22:30]} 18. Qc5 {[%clk 0:12:49]} Qxc5 {[%clk 0:22:45]} 19. Bxc5
{[%clk 0:13:13]} f5 {[%clk 0:21:42]} 20. Bb6 {[%clk 0:09:42]} Rd2
{[%clk 0:17:16]} 21. Rxc6 {[%clk 0:10:05]} Kd7 {[%clk 0:16:11]} 22. Rfc1
{[%clk 0:10:21]} Rxb2 {[%clk 0:13:23]} 23. Bc7 {[%clk 0:09:17]} Ke7
{[%clk 0:05:02]} 24. h4 {[%clk 0:06:01]} Rxa2 {[%clk 0:04:14]} 25. Nh5
{[%clk 0:04:27]} Bd7 {[%clk 0:02:47]} 26. R6c5 {[%clk 0:01:27]} Bxc7
{[%clk 0:02:25]} 27. Rxc7 {[%clk 0:01:52]} Rd2 {[%clk 0:02:01]} 28. Ra7
{[%clk 0:02:04]} Rd6 {[%clk 0:02:06]} 29. Rc5 {[%clk 0:02:10]} Ke6
{[%clk 0:01:53]} 30. Rcc7 {[%clk 0:01:59]} Rd8 {[%clk 0:01:42]} 31. f4
{[%clk 0:01:32]} exf4 {[%clk 0:01:15]} 32. Nxf4+ {[%clk 0:01:55]} Ke5
{[%clk 0:01:35]} 33. g3 {[%clk 0:02:16]} h6 {[%clk 0:01:31]} 34. Rc5+
{[%clk 0:02:27]} Ke4 {[%clk 0:01:30]} 35. Rb7 {[%clk 0:02:26]} Bb5
{[%clk 0:00:48]} 36. Re7+ {[%clk 0:02:20]} Kf3 {[%clk 0:01:09]} 37. Rc3+
{[%clk 0:02:37]} Bd3 {[%clk 0:01:18]} 38. Kh2 {[%clk 0:02:35]} a5
{[%clk 0:00:40]} 39. Ra3 {[%clk 0:00:54]} a4 {[%clk 0:00:36]} 40. Re5
{[%clk 0:00:37]} Kg4 {[%clk 0:00:46]} 41. Re7 {[%clk 0:39:16]} Kf3
{[%clk 0:32:48]} 42. Ng2 {[%clk 0:09:12]} Kf2 {[%clk 0:28:07]} 43. Ra2+
{[%clk 0:08:55]} Kf3 {[%clk 0:28:24]} 44. Ne1+ {[%clk 0:06:39]} Kg4
{[%clk 0:28:43]} 45. Rg7+ {[%clk 0:05:43]} Kh5 {[%clk 0:29:08]} 46. Ng2
{[%clk 0:05:19]} Rd4 {[%clk 0:29:16]} 47. Rd2 {[%clk 0:04:22]} Rg4
{[%clk 0:17:21]} 48. Nf4+ {[%clk 0:04:11]} Rxf4 {[%clk 0:17:46]} 49. gxf4
{[%clk 0:04:37]} Rd5 {[%clk 0:17:08]} 50. Kg3 {[%clk 0:04:13]} Be4
{[%clk 0:16:39]} 51. Rxd5 {[%clk 0:04:26]} Bxd5 {[%clk 0:17:08]} 52. Ra7
{[%clk 0:04:42]} Bb3 {[%clk 0:17:10]} 53. Ra6 {[%clk 0:04:41]} Bc2
{[%clk 0:16:50]} 54. Kf3 {[%clk 0:04:14]} Bd1+ {[%clk 0:16:02]} 55. Ke3
{[%clk 0:04:32]} Bb3 {[%clk 0:16:16]} 56. Kf3 {[%clk 0:03:45]} Bd1+
{[%clk 0:16:39]} 57. Kg3 {[%clk 0:03:44]} 1/2-1/2

[Event "Hastings Masters 2016/17"]
[Site "Hastings, England"]
[Date "2017.01.03"]
[Round "7.16"]
[White "Norton, Craig"]
[Black "Thybo, Jesper Sondergaard"]
[Result "1/2-1/2"]
[WhiteElo "2033"]
[BlackElo "2352"]
[PlyCount "0"]
[EventDate "2016.12.28"]

1. d4 {[%clk 1:40:46]} Nf6 {[%clk 1:40:53]} 2. Nf3 {[%clk 1:41:12]} c5
{[%clk 1:41:18]} 3. c3 {[%clk 1:41:36]} e6 {[%clk 1:38:26]} 4. Bf4
{[%clk 1:40:59]} d5 {[%clk 1:35:10]} 5. e3 {[%clk 1:41:02]} Nc6 {[%clk 1:33:54]}
6. Bd3 {[%clk 1:40:35]} Bd6 {[%clk 1:25:42]} 7. Bg3 {[%clk 1:40:50]} O-O
{[%clk 1:25:35]} 8. Nbd2 {[%clk 1:41:16]} Re8 {[%clk 1:18:19]} 9. Ne5
{[%clk 1:40:36]} Bxe5 {[%clk 1:14:44]} 10. dxe5 {[%clk 1:39:33]} Nd7
{[%clk 1:15:03]} 11. Nf3 {[%clk 1:33:40]} a5 {[%clk 1:04:23]} 12. h4
{[%clk 1:33:12]} h6 {[%clk 0:58:36]} 13. Bh2 {[%clk 1:32:35]} b6 {[%clk 0:53:22]}
14. Rc1 {[%clk 1:30:51]} Ba6 {[%clk 0:52:36]} 15. Bb1 {[%clk 1:31:13]} b5
{[%clk 0:46:21]} 16. g4 {[%clk 1:30:21]} Nf8 {[%clk 0:45:59]} 17. h5
{[%clk 1:29:37]} f6 {[%clk 0:39:11]} 18. Qc2 {[%clk 1:28:13]} b4 {[%clk 0:37:31]}
19. Rd1 {[%clk 1:23:48]} bxc3 {[%clk 0:35:04]} 20. bxc3 {[%clk 1:24:12]} Qe7
{[%clk 0:31:59]} 21. Qa4 {[%clk 1:19:21]} Bb7 {[%clk 0:29:17]} 22. Qf4
{[%clk 1:16:23]} Nd7 {[%clk 0:24:34]} 23. exf6 {[%clk 1:13:45]} Qxf6
{[%clk 0:24:36]} 24. O-O {[%clk 1:13:00]} Qxf4 {[%clk 0:24:06]} 25. exf4
{[%clk 1:12:31]} Nf6 {[%clk 0:23:05]} 26. g5 {[%clk 1:12:09]} Nh7
{[%clk 0:20:17]} 27. Rfe1 {[%clk 1:10:40]} Nf8 {[%clk 0:18:51]} 28. Ne5
{[%clk 1:08:25]} Nxe5 {[%clk 0:17:05]} 29. Rxe5 {[%clk 1:06:51]} Bc6
{[%clk 0:15:40]} 30. Rde1 {[%clk 1:04:10]} Reb8 {[%clk 0:14:11]} 31. f5
{[%clk 1:02:13]} exf5 {[%clk 0:14:19]} 32. gxh6 {[%clk 1:01:34]} gxh6
{[%clk 0:14:32]} 33. Re7 {[%clk 1:01:02]} Re8 {[%clk 0:12:12]} 34. Bxf5
{[%clk 1:00:18]} Rxe7 {[%clk 0:12:21]} 35. Rxe7 {[%clk 1:00:41]} Re8
{[%clk 0:12:47]} 36. Bd6 {[%clk 0:57:39]} c4 {[%clk 0:11:22]} 37. Bc5
{[%clk 0:53:01]} Rxe7 {[%clk 0:09:08]} 38. Bxe7 {[%clk 0:53:17]} Bd7
{[%clk 0:07:29]} 39. Bxf8 {[%clk 0:52:57]} Bxf5 {[%clk 0:07:54]} 40. Bxh6
{[%clk 0:53:05]} Bg4 {[%clk 0:08:19]} 41. Be3 {[%clk 0:53:05]} Bxh5
{[%clk 0:08:03]} 42. Kf1 {[%clk 0:53:05]} Kf7 {[%clk 0:08:12]} 43. Ke1
{[%clk 0:53:20]} Ke6 {[%clk 0:08:25]} 44. Kd2 {[%clk 0:53:35]} Ke5
{[%clk 0:08:00]} 45. Kc1 {[%clk 0:53:35]} Ke4 {[%clk 0:07:16]} 46. Kb2
{[%clk 0:53:46]} Kd3 {[%clk 0:07:26]} 47. a3 {[%clk 0:53:50]} a4 {[%clk 0:07:22]}
48. Bd4 {[%clk 0:54:07]} Bf3 {[%clk 0:07:02]} 49. Be3 {[%clk 0:54:29]} 1/2-1/2

[Event "Hastings Masters 2016/17"]
[Site "Hastings, England"]
[Date "2017.01.03"]
[Round "7.17"]
[White "Dyrgaard, Kristoffer"]
[Black "Foo, William J"]
[Result "1/2-1/2"]
[WhiteElo "2311"]
[BlackElo "2145"]
[PlyCount "0"]
[EventDate "2016.12.28"]

1. e4 {[%clk 1:40:57]} c6 {[%clk 1:39:42]} 2. Nf3 {[%clk 1:40:53]} d5
{[%clk 1:40:02]} 3. exd5 {[%clk 1:41:18]} cxd5 {[%clk 1:40:27]} 4. Ne5
{[%clk 1:41:42]} Nc6 {[%clk 1:37:58]} 5. d4 {[%clk 1:41:57]} Nf6 {[%clk 1:37:43]}
6. Bb5 {[%clk 1:42:13]} Qb6 {[%clk 1:36:09]} 7. c4 {[%clk 1:41:32]} Bd7
{[%clk 1:18:38]} 8. Nxd7 {[%clk 1:30:57]} Nxd7 {[%clk 1:18:52]} 9. Nc3
{[%clk 1:31:22]} Qxd4 {[%clk 1:14:29]} 10. cxd5 {[%clk 1:23:38]} Qxd1+
{[%clk 1:14:46]} 11. Kxd1 {[%clk 1:24:06]} Nd4 {[%clk 1:14:25]} 12. Be3
{[%clk 1:24:19]} Nf5 {[%clk 1:14:36]} 13. Na4 {[%clk 1:15:22]} Nxe3+
{[%clk 1:11:26]} 14. fxe3 {[%clk 1:15:49]} O-O-O {[%clk 1:11:30]} 15. Ke2
{[%clk 1:15:59]} Nf6 {[%clk 1:08:11]} 16. Rac1+ {[%clk 1:03:18]} Kb8
{[%clk 1:08:37]} 17. Bc4 {[%clk 1:03:32]} Nxd5 {[%clk 1:02:50]} 18. Rhd1
{[%clk 0:56:36]} e6 {[%clk 1:02:31]} 19. Bxd5 {[%clk 0:56:42]} exd5
{[%clk 1:00:32]} 20. Nc3 {[%clk 0:56:50]} Bd6 {[%clk 1:00:53]} 21. Rxd5
{[%clk 0:56:46]} Bxh2 {[%clk 0:59:30]} 22. Rxd8+ {[%clk 0:56:59]} Rxd8
{[%clk 0:59:55]} 23. Rh1 {[%clk 0:57:24]} Be5 {[%clk 1:00:21]} 24. Rxh7
{[%clk 0:57:51]} Rd7 {[%clk 0:54:25]} 25. Nb5 {[%clk 0:55:52]} g6
{[%clk 0:54:25]} 26. b3 {[%clk 0:55:23]} a6 {[%clk 0:54:14]} 27. Nd4
{[%clk 0:55:46]} Kc7 {[%clk 0:53:31]} 28. Nf3 {[%clk 0:52:01]} Bf6
{[%clk 0:50:32]} 29. g4 {[%clk 0:48:13]} Kd6 {[%clk 0:47:00]} 30. Rh1
{[%clk 0:44:06]} Rc7 {[%clk 0:40:13]} 31. Kd3 {[%clk 0:42:05]} Rc3+
{[%clk 0:39:37]} 32. Ke4 {[%clk 0:42:17]} Ke6 {[%clk 0:31:40]} 33. Rh2
{[%clk 0:40:47]} Bd8 {[%clk 0:28:41]} 34. Nd4+ {[%clk 0:38:59]} Ke7
{[%clk 0:29:04]} 35. Rc2 {[%clk 0:36:23]} Rxc2 {[%clk 0:29:17]} 36. Nxc2
{[%clk 0:36:52]} Kd6 {[%clk 0:28:46]} 37. Nb4 {[%clk 0:36:40]} Bb6
{[%clk 0:27:03]} 38. a4 {[%clk 0:36:03]} Ke6 {[%clk 0:24:00]} 39. Nd3
{[%clk 0:34:57]} Kd6 {[%clk 0:22:14]} 40. Ne5 {[%clk 0:33:04]} Ke6
{[%clk 0:21:55]} 41. Nd3 {[%clk 0:33:16]} Kd6 {[%clk 0:21:53]} 42. Ne5
{[%clk 0:31:49]} 1/2-1/2